[Event "30. Staufer-Open (B)"]
[Site "?"]
[Date "2018.01.04"]
[Round "5"]
[White "Schmitz, Tim"]
[Black "Sielaff, Rudolf"]
[Result "1/2-1/2"]
[WhiteElo "1831"]
[BlackElo "1942"]
[PlyCount "38"]
[EventDate "2018.??.??"]
[WhiteTeam "SC Sendling e.V."]
[BlackTeam "SC Waiblingen"]

1. e4 e5 2. Nf3 Nc6 3. Bb5 f5 4. Nc3 fxe4 5. Nxe4 Nf6 6. Nxf6+ gxf6 7. d4 Bg7
8. dxe5 Nxe5 9. Nxe5 fxe5 10. Qh5+ Kf8 11. Bg5 Qe8 12. Qf3+ Qf7 13. Qxf7+ Kxf7
14. Bc4+ Ke8 15. O-O-O c6 16. Rd6 Rf8 17. f4 h6 18. Bxh6 Bxh6 19. Rxh6 Rxf4
1/2-1/2

[Event "30. Staufer-Open (B)"]
[Site "?"]
[Date "2018.01.04"]
[Round "5"]
[White "Strauss, Martin"]
[Black "Brunner, Jan"]
[Result "*"]
[WhiteElo "1808"]
[BlackElo "1972"]
[PlyCount "49"]
[EventDate "2018.??.??"]
[WhiteTeam "SC Sillenbuch"]
[BlackTeam "TSV Schönaich"]

1. e4 c5 2. Nf3 Nc6 3. d4 cxd4 4. Nxd4 Nf6 5. Nxc6 bxc6 6. Nc3 d6 7. Bc4 e6 8.
Qe2 d5 9. exd5 cxd5 10. Bb5+ Bd7 11. Bxd7+ Qxd7 12. Bf4 Bb4 13. O-O Bxc3 14.
bxc3 Rc8 15. Be5 O-O 16. f3 Qc6 17. Rab1 Nd7 18. Rb3 Nb6 19. Rfb1 Qa4 20. Bd6
Rfd8 21. Ra3 Qc6 22. Bb4 Rd7 23. Qf2 Rb7 24. Ra5 Qc4 25. Rb3 *